000 00588nam a2200217Ia 4500
005 20241129104127.0
008 241129s9999||||xx |||||||||||||| ||und||
020 _a9781639893157
037 _aTextual
040 _aRTL
_beng
_cRTL
041 _aeng
_2eng
084 _aU21 Q2
_qRTL
100 _aHunter Daniel
_9724888
245 0 _aKey concepts in Geomorphology
_cHunter Daniel
260 _aNew York
_bState Academic Press
_c2022
300 _aii,232p.
365 _aINR
_b12712.7
650 _aGeomorphology
942 _cTB
_hU21 Q2
999 _c1224535
_d1224535